[Event "Catanduva op"]
[Site "Catanduva"]
[Date "2020.03.15"]
[Round "5"]
[White "Davanso, Joao Pedro"]
[Black "Dias Filho, Pedro Stein"]
[Result "1-0"]
[WhiteElo "1771"]
[BlackElo "1442"]
[PlyCount "45"]
[EventDate "2020.03.13"]
[EventType "swiss"]
[EventRounds "6"]
[EventCountry "BRA"]
[SourceTitle "CBM 195 Extra"]
[Source "ChessBase"]
[SourceDate "2020.05.31"]
[SourceVersion "1"]
[SourceVersionDate "2020.05.31"]
[SourceQuality "1"]

1. e4 e6 2. d4 d5 3. e5 c5 4. c3 Nc6 5. Nf3 Qb6 6. Bd3 Bd7 7. 0-0 cxd4 8. cxd4 Nxd4 9. Nxd4 Qxd4 10. Re1 Qb6 11. Nc3 a6 12. Qg4 f6 13. Qh5+ Kd8 14. Qe2 fxe5 15. Qxe5 Nf6 16. Bg5 Kc8 17. Rac1 Bc5 18. Ne4 Nxe4 19. Bxe4 h6 20. Be3 Kd8 21. Bxc5 Qa5 22. Qxg7 Re8 23. Qf6+ 1-0

[Event "Catanduva op"]
[Site "Catanduva"]
[Date "2020.03.15"]
[Round "6"]
[White "Pereira, Tiago Novaes"]
[Black "Davanso, Joao Pedro"]
[Result "1-0"]
[WhiteElo "1808"]
[BlackElo "1771"]
[PlyCount "87"]
[EventDate "2020.03.13"]
[EventType "swiss"]
[EventRounds "6"]
[EventCountry "BRA"]
[SourceTitle "CBM 195 Extra"]
[Source "ChessBase"]
[SourceDate "2020.05.31"]
[SourceVersion "1"]
[SourceVersionDate "2020.05.31"]
[SourceQuality "1"]

1. d4 Nf6 2. c4 g6 3. Nc3 Bg7 4. e4 d6 5. f3 Nbd7 6. Be3 e5 7. d5 0-0 8. Nge2 b6 9. Qd2 Re8 10. Ng3 a5 11. Bd3 Nc5 12. Bc2 Qe7 13. 0-0 Ba6 14. Nb5 Bc8 15. a3 h5 16. b4 Nb7 17. Bg5 Qd7 18. Ba4 axb4 19. axb4 Qd8 20. Ra2 Bd7 21. Rfa1 c6 22. dxc6 Bxc6 23. Nc3 Bxa4 24. Rxa4 Rxa4 25. Rxa4 Qc8 26. Bxf6 Bxf6 27. Qd5 Qb8 28. Nb5 Be7 29. Ra7 Nc5 30. bxc5 dxc5 31. Qb7 Qd8 32. Qd7 Qb8 33. Nf1 Qd8 34. Ne3 Qxd7 35. Rxd7 Bg5 36. Nd5 Ra8 37. Ra7 Rb8 38. Nd6 f5 39. exf5 gxf5 40. Nxf5 Kh8 41. h4 Bf4 42. Nfe7 Bg3 43. Ng6+ Kg8 44. Nf6# 1-0

[Event "Florianopolis op 6th"]
[Site "Florianopolis"]
[Date "2020.01.25"]
[Round "9"]
[White "Davanso, Joao Pedro"]
[Black "Zanghelini, Cristian Silnei"]
[Result "1-0"]
[WhiteElo "1719"]
[BlackElo "1890"]
[PlyCount "35"]
[EventDate "2020.01.20"]
[EventType "swiss"]
[EventRounds "10"]
[EventCountry "BRA"]
[SourceTitle "CBM 194 Extra"]
[Source "ChessBase"]
[SourceDate "2020.03.31"]
[SourceVersion "1"]
[SourceVersionDate "2020.03.31"]
[SourceQuality "1"]

1. e4 c5 2. Nf3 d6 3. c3 Nf6 4. Be2 e6 5. 0-0 Be7 6. Re1 Nc6 7. Bf1 0-0 8. d4 d5 9. e5 Nd7 10. a3 a5 11. a4 b6 12. Na3 Ba6 13. Nb5 Bxb5 14. axb5 Na7 15. Be3 c4 16. Qa4 f6 17. b3 fxe5 18. dxe5 1-0

[Event "Florianopolis op 6th"]
[Site "Florianopolis"]
[Date "2020.01.20"]
[Round "1"]
[White "Davanso, Joao Pedro"]
[Black "Balbinotti, Rafael Tiago Busane"]
[Result "1-0"]
[WhiteElo "1719"]
[BlackElo "1375"]
[PlyCount "63"]
[EventDate "2020.01.20"]
[EventType "swiss"]
[EventRounds "10"]
[EventCountry "BRA"]
[SourceTitle "CBM 194 Extra"]
[Source "ChessBase"]
[SourceDate "2020.03.31"]
[SourceVersion "1"]
[SourceVersionDate "2020.03.31"]
[SourceQuality "1"]

1. e4 c6 2. d4 d5 3. exd5 cxd5 4. Nf3 Bf5 5. Bb5+ Nc6 6. 0-0 Nf6 7. Ne5 Qc7 8. Bf4 Qb6 9. Ba4 Rc8 10. b3 e6 11. c4 dxc4 12. bxc4 Qb2 13. Qb3 Qxb3 14. axb3 Be7 15. Bxc6+ bxc6 16. Rxa7 Bc2 17. Nc3 Bxb3 18. Rb1 Bc2 19. Rb2 Bg6 20. Rbb7 Ng8 21. h3 f6 22. Nxg6 hxg6 23. Ne4 Rh4 24. g3 Rxh3 25. Nd6+ Bxd6 26. Bxd6 Rh7 27. Rf7 Rc7 28. Raxc7 Ne7 29. Rfxe7+ Kd8 30. Ra7 Rh1+ 31. Kxh1 c5 32. Ra8# 1-0

[Event "Sao Paulo Karman Cup"]
[Site "Sao Paulo"]
[Date "2019.08.17"]
[Round "3"]
[White "Zmetek, Marcos Simao"]
[Black "Davanso, Joao Pedro"]
[Result "0-1"]
[WhiteElo "1289"]
[BlackElo "1667"]
[PlyCount "88"]
[EventDate "2019.08.16"]
[EventType "swiss"]
[EventRounds "6"]
[EventCountry "BRA"]
[SourceTitle "EXT 2020"]
[Source "ChessBase"]
[SourceDate "2019.10.17"]
[SourceVersion "1"]
[SourceVersionDate "2019.10.17"]
[SourceQuality "1"]

1. e4 c5 2. c3 Nf6 3. e5 Nd5 4. d4 cxd4 5. cxd4 Nc6 6. Nf3 g6 7. Bc4 Nb6 8. Be2 Bg7 9. 0-0 0-0 10. Bf4 Nd5 11. Bd2 d6 12. Nc3 dxe5 13. dxe5 Nxe5 14. Nxe5 Bxe5 15. Bh6 Nxc3 16. bxc3 Bg7 17. Bxg7 Kxg7 18. Qd4+ Qxd4 19. cxd4 Bf5 20. Bf3 Rab8 21. Rac1 Rfd8 22. Rc7 Rd7 23. Rfc1 Rxc7 24. Rxc7 Rc8 25. Rxc8 Bxc8 26. Kf1 Kf6 27. Ke2 Be6 28. Bxb7 Bxa2 29. Ba6 Bd5 30. g3 Kg5 31. h4+ Kg4 32. Ke3 f5 33. Bb5 e6 34. Ba6 f4+ 35. gxf4 Kxh4 36. Kd2 Kg4 37. Ke3 h5 38. Be2+ Kf5 39. Bd3+ Kf6 40. f3 a5 41. Bc2 Bc6 42. Kf2 a4 43. Kg3 a3 44. Bb3 Bd5 0-1

[Event "BRA-ch Amateur U1800"]
[Site "Sao Paulo"]
[Date "2019.06.23"]
[Round "7"]
[White "Davanso, Joao Pedro"]
[Black "Pereira Fo, Hildebrando Apolon"]
[Result "1-0"]
[WhiteElo "1655"]
[BlackElo "1550"]
[PlyCount "87"]
[EventDate "2019.06.20"]
[EventType "swiss"]
[EventRounds "7"]
[EventCountry "BRA"]
[SourceTitle "CBM 195 Extra"]
[Source "ChessBase"]
[SourceDate "2020.05.31"]
[SourceVersion "1"]
[SourceVersionDate "2020.05.31"]
[SourceQuality "1"]

1. e4 c5 2. Nf3 d6 3. d4 cxd4 4. Nxd4 Nf6 5. Nc3 Nc6 6. Be2 g6 7. Be3 Bg7 8. 0-0 Bd7 9. Kh1 0-0 10. h3 a6 11. a4 Rc8 12. Qd2 Ne5 13. f4 Nc4 14. Bxc4 Rxc4 15. g4 Rxc3 16. Qxc3 Nxe4 17. Qe1 Bxd4 18. Bxd4 Bc6 19. Kh2 e6 20. Rd1 Qe7 21. b4 Rc8 22. b5 Bd5 23. c3 Qc7 24. Qh4 f5 25. gxf5 exf5 26. Rde1 Re8 27. Rg1 Qf7 28. Rxg6+ Qxg6 29. Rg1 Qxg1+ 30. Kxg1 Re6 31. Qd8+ Kf7 32. Qd7+ Kf8 33. Qg7+ Ke8 34. Qg8+ Kd7 35. Qxh7+ Ke8 36. Qxf5 Bc4 37. Qh5+ Ke7 38. f5 Nf6 39. Bxf6+ Rxf6 40. Qh7+ Rf7 41. Qh4+ Kd7 42. Qxc4 Rxf5 43. b6 Rg5+ 44. Kf2 1-0

[Event "BRA-ch Amateur U1800"]
[Site "Sao Paulo"]
[Date "2019.06.21"]
[Round "3"]
[White "Davanso, Joao Pedro"]
[Black "Loss, Victor Pinheiro Cos"]
[Result "1-0"]
[WhiteElo "1655"]
[BlackElo "1412"]
[PlyCount "63"]
[EventDate "2019.06.20"]
[EventType "swiss"]
[EventRounds "7"]
[EventCountry "BRA"]
[SourceTitle "CBM 195 Extra"]
[Source "ChessBase"]
[SourceDate "2020.05.31"]
[SourceVersion "1"]
[SourceVersionDate "2020.05.31"]
[SourceQuality "1"]

1. e4 c5 2. Nf3 g6 3. c3 Bg7 4. Qc2 d5 5. d3 Nc6 6. g3 Nf6 7. e5 Ng4 8. d4 cxd4 9. cxd4 Bf5 10. Qd1 f6 11. h3 Nh6 12. exf6 exf6 13. Bg2 Bxb1 14. Rxb1 Qa5+ 15. Bd2 Qxa2 16. Qe2+ Kf7 17. 0-0 Qc4 18. Qd1 Nxd4 19. Bxh6 Ne2+ 20. Kh2 Rad8 21. Bxg7 Kxg7 22. Re1 d4 23. Qxe2 d3 24. Qe7+ Kh6 25. Qe3+ g5 26. Nd2 Qc2 27. Rec1 Rhe8 28. Qxe8 Qxc1 29. Qxd8 Qxd2 30. Qxf6+ Kh5 31. g4+ Kh4 32. Qh6# 1-0

[Event "BRA-ch Amateur U1800"]
[Site "Sao Paulo"]
[Date "2019.06.20"]
[Round "1"]
[White "Davanso, Joao Pedro"]
[Black "Vitielo, Alecio Elias"]
[Result "0-1"]
[WhiteElo "1655"]
[BlackElo "1799"]
[PlyCount "86"]
[EventDate "2019.06.20"]
[EventType "swiss"]
[EventRounds "7"]
[EventCountry "BRA"]
[SourceTitle "CBM 195 Extra"]
[Source "ChessBase"]
[SourceDate "2020.05.31"]
[SourceVersion "1"]
[SourceVersionDate "2020.05.31"]
[SourceQuality "1"]

1. e4 c5 2. Nf3 d6 3. d4 cxd4 4. Nxd4 Nf6 5. Nc3 a6 6. Be2 e5 7. Nb3 Be6 8. 0-0 Be7 9. Be3 0-0 10. f4 Qc7 11. f5 Bc8 12. g4 d5 13. exd5 Bd6 14. g5 Ne8 15. Ne4 b6 16. c4 Nd7 17. Rc1 Nc5 18. Nbxc5 Bxc5 19. Bxc5 bxc5 20. f6 g6 21. Bg4 Nd6 22. Nxd6 Qxd6 23. Bf3 Bf5 24. Qe1 h5 25. Bxh5 Kh7 26. Qh4 Rh8 27. Rxf5 Kg8 28. Rf2 Rxh5 29. Qg4 e4 30. Rc3 Qe5 31. h4 Qd4 32. Qf4 Re8 33. Rcc2 Qd1+ 34. Kg2 e3 35. Rfe2 Qd4 36. Kf3 Rxh4 37. Qxd4 cxd4 38. d6 d3 39. d7 Rd8 40. c5 dxe2 41. Rxe2 Rxd7 42. Rxe3 Rc4 43. Kf2 Rxc5 0-1

[Event "Paulista-ch"]
[Site "Sao Paulo"]
[Date "2018.11.10"]
[Round "4"]
[White "Davanso, Joao Pedro"]
[Black "Stumpf, Luis Felipe T Cale"]
[Result "1-0"]
[WhiteElo "1703"]
[BlackElo "1515"]
[PlyCount "75"]
[EventDate "2018.11.09"]
[EventType "swiss"]
[EventRounds "6"]
[EventCountry "BRA"]
[SourceTitle "CBM 187 Extra"]
[Source "ChessBase"]
[SourceDate "2018.11.04"]
[SourceVersion "1"]
[SourceVersionDate "2018.11.04"]
[SourceQuality "1"]

1. e4 c5 2. Nf3 g6 3. d4 cxd4 4. Nxd4 Bg7 5. c4 Nc6 6. Be3 Nf6 7. Nc3 0-0 8. Be2 d6 9. 0-0 Bd7 10. h3 Rc8 11. Qd2 Nxd4 12. Bxd4 Qa5 13. Rad1 Bc6 14. Qd3 a6 15. Qe3 Qc7 16. Bb6 Qb8 17. Nd5 Bxd5 18. cxd5 Nd7 19. Ba5 Rc2 20. Bc3 Bxc3 21. bxc3 Rc8 22. c4 Ne5 23. Bd3 Rxa2 24. Qd4 Ra4 25. f4 Nxd3 26. Qxd3 Raxc4 27. f5 Qa7+ 28. Kh1 Rc3 29. Qe2 Re3 30. Qg4 Rf8 31. fxg6 fxg6 32. Qe6+ Kg7 33. Qxe7+ Kh6 34. Qxf8+ Kh5 35. Qf4 g5 36. Qg4+ Kg6 37. Qf5+ Kg7 38. Qf6+ 1-0

[Event "Jacarei op 1st"]
[Site "Jacarei"]
[Date "2018.09.15"]
[Round "2"]
[White "De Paula, Luan Araujo"]
[Black "Davanso, Joao Pedro"]
[Result "1/2-1/2"]
[WhiteElo "1951"]
[BlackElo "1730"]
[PlyCount "57"]
[EventDate "2018.09.15"]
[EventType "swiss"]
[EventRounds "5"]
[EventCountry "BRA"]
[SourceTitle "CBM 186 Extra"]
[Source "ChessBase"]
[SourceDate "2018.08.24"]
[SourceVersion "1"]
[SourceVersionDate "2018.08.24"]
[SourceQuality "1"]

1. e4 c5 2. Nf3 Nc6 3. Bb5 e6 4. d3 d5 5. Bxc6+ bxc6 6. 0-0 Nf6 7. e5 Nd7 8. Nbd2 Be7 9. c4 0-0 10. Qe2 f6 11. exf6 Nxf6 12. Ng5 e5 13. h3 Bf5 14. Re1 Bd6 15. Nf1 e4 16. dxe4 Nxe4 17. Nxe4 Bxe4 18. Ng3 Bg6 19. Qe6+ Kh8 20. Bg5 Qxg5 21. Qxd6 d4 22. Ne4 Qh4 23. f3 Bxe4 24. Rxe4 Qg5 25. Rd1 Rxf3 26. Qxc6 Raf8 27. Re8 R3f6 28. Rxf8+ Rxf8 29. Qb7 1/2-1/2

[Event "Caioba Telecom op"]
[Site "Caioba"]
[Date "2018.08.04"]
[Round "8"]
[White "Davanso, Joao Pedro"]
[Black "Bracht, Rainer"]
[Result "1-0"]
[WhiteElo "1624"]
[BlackElo "1926"]
[PlyCount "63"]
[EventDate "2018.08.01"]
[EventType "swiss"]
[EventRounds "9"]
[EventCountry "BRA"]
[SourceTitle "CBM 186 Extra"]
[Source "ChessBase"]
[SourceDate "2018.08.24"]
[SourceVersion "1"]
[SourceVersionDate "2018.08.24"]
[SourceQuality "1"]

1. d4 Nf6 2. Nf3 e6 3. e3 d5 4. Bd3 Be7 5. 0-0 0-0 6. Nbd2 c5 7. c3 Nc6 8. Re1 b6 9. a3 Bb7 10. b4 c4 11. Bc2 b5 12. a4 a6 13. a5 Nb8 14. Qe2 Ne4 15. Nxe4 dxe4 16. Nd2 f5 17. f3 exf3 18. Nxf3 Nd7 19. e4 f4 20. e5 Rf7 21. Rf1 Nf8 22. Bd2 g5 23. Ne1 Bxb4 24. cxb4 Qxd4+ 25. Qf2 Qxe5 26. Nf3 Qf6 27. Rac1 Rd8 28. Bc3 Qh6 29. Ne5 Rc7 30. Ng4 Qh4 31. Qxh4 gxh4 32. Nh6# 1-0

[Event "Caioba Telecom op"]
[Site "Caioba"]
[Date "2018.08.03"]
[Round "6"]
[White "Davanso, Joao Pedro"]
[Black "Da Silva, Joao Carlos Orguim"]
[Result "1-0"]
[WhiteElo "1624"]
[BlackElo "1805"]
[PlyCount "131"]
[EventDate "2018.08.01"]
[EventType "swiss"]
[EventRounds "9"]
[EventCountry "BRA"]
[SourceTitle "CBM 186 Extra"]
[Source "ChessBase"]
[SourceDate "2018.08.24"]
[SourceVersion "1"]
[SourceVersionDate "2018.08.24"]
[SourceQuality "1"]

1. e4 c5 2. Nf3 Nc6 3. g3 g6 4. Bg2 Bg7 5. 0-0 d6 6. c3 e5 7. d3 Nge7 8. Nbd2 0-0 9. a4 b6 10. Nc4 Bb7 11. Qe2 Qc7 12. Nh4 f5 13. f4 Rae8 14. Qc2 Bc8 15. Nf3 h6 16. Bd2 Kh7 17. Rae1 Be6 18. Ne3 fxe4 19. dxe4 Qd7 20. Nd1 Na5 21. Be3 Bb3 22. Qb1 Qxa4 23. Rf2 Nc4 24. Bc1 Bxd1 25. Nd2 Bb3 26. Qd3 Nc8 27. Nxb3 Qxb3 28. Ref1 Na5 29. f5 Qf7 30. Bh3 g5 31. f6 Bxf6 32. Rxf6 Qxf6 33. Rxf6 Rxf6 34. Bf5+ Kg7 35. Qa6 Rff8 36. Qe2 Nc6 37. Bd7 N8e7 38. Bxe8 Rxe8 39. Qg4 Kf6 40. h4 Rg8 41. hxg5+ hxg5 42. Qf3+ Kg6 43. Qd3 Nc8 44. Qd5 N6e7 45. Qe6+ Kh7 46. Qh3+ Kg6 47. g4 Kf6 48. Qh6+ Rg6 49. Bxg5+ Kf7 50. Qh4 a5 51. Be3 b5 52. g5 b4 53. Qe1 Nb6 54. Kf2 Nd7 55. Ke2 Ke6 56. Kd2 Rg8 57. Qh4 Kf7 58. Qh5+ Rg6 59. Qg4 Nb6 60. Kc2 a4 61. cxb4 Nc4 62. Qf3+ Ke6 63. Bc1 cxb4 64. b3 Nb6 65. bxa4 Nxa4 66. Qb3+ 1-0

[Event "BRA-ch Amateur U1800"]
[Site "Sao Paulo"]
[Date "2018.05.31"]
[Round "1"]
[White "Monteiro, Paulo De Campos Mel"]
[Black "Davanso, Joao Pedro"]
[Result "1/2-1/2"]
[WhiteElo "1765"]
[BlackElo "1627"]
[PlyCount "131"]
[EventDate "2018.05.31"]
[EventType "swiss"]
[EventRounds "7"]
[EventCountry "BRA"]
[SourceTitle "EXT 2021"]
[Source "ChessBase"]
[SourceDate "2020.10.23"]
[SourceVersion "1"]
[SourceVersionDate "2020.10.23"]
[SourceQuality "1"]

1. d4 Nf6 2. c4 g6 3. Nc3 Bg7 4. e4 d6 5. f3 0-0 6. Be3 Nbd7 7. Nge2 e5 8. Qd2 a5 9. g3 Re8 10. d5 Nc5 11. Bg2 Nfd7 12. 0-0 f5 13. Rab1 Nf6 14. b3 Qe7 15. a3 a4 16. b4 Nb3 17. Qd1 Bd7 18. Nc1 Nxc1 19. Rxc1 Nh5 20. Ne2 b6 21. c5 bxc5 22. bxc5 Bb5 23. Re1 f4 24. Bf2 fxg3 25. hxg3 Qg5 26. Kh2 Bh6 27. Rb1 Ba6 28. Qc1 Qxc1 29. Nxc1 Rab8 30. Na2 Rb3 31. Nb4 Bd2 32. Red1 Bxb4 33. axb4 Rb8 34. Be1 dxc5 35. Rxb3 axb3 36. Rb1 c4 37. Bc3 Kf7 38. Bxe5 Rxb4 39. Bc3 Ra4 40. e5 Ra2 41. Rb2 Bb5 42. f4 Ke8 43. Bd4 Ng7 44. g4 Kd7 45. e6+ Kd6 46. Be5+ Kc5 47. Bxg7 Rxb2 48. Bxb2 Kb4 49. e7 c3 50. Bxc3+ Kxc3 51. f5 Kd4 52. f6 Be8 53. d6 cxd6 54. Bc6 Bf7 55. e8Q Bxe8 56. Bxe8 b2 57. f7 b1Q 58. f8Q Qc2+ 59. Kg3 Kc5 60. Qf2+ Qxf2+ 61. Kxf2 g5 62. Ke3 Kd5 63. Kd3 Ke5 64. Bf7 Kf4 65. Be6 Ke5 66. Bc8 1/2-1/2

[Event "Pocos de Caldas op"]
[Site "Pocos de Caldas"]
[Date "2018.03.04"]
[Round "6"]
[White "Paranhos, Diego"]
[Black "Davanso, Joao Pedro"]
[Result "0-1"]
[WhiteElo "1093"]
[BlackElo "1623"]
[PlyCount "28"]
[EventDate "2018.03.02"]
[EventType "swiss"]
[EventRounds "6"]
[EventCountry "BRA"]
[SourceTitle "CBM 183 Extra"]
[Source "ChessBase"]
[SourceDate "2018.04.19"]
[SourceVersion "1"]
[SourceVersionDate "2018.04.19"]
[SourceQuality "1"]

1. e4 c5 2. Nf3 Nc6 3. d4 cxd4 4. Nxd4 e6 5. Nc3 Nf6 6. Be2 a6 7. 0-0 Qc7 8. f4 Nxd4 9. e5 Nxe2+ 10. Qxe2 Nd5 11. Nxd5 exd5 12. Be3 Bc5 13. Rac1 0-0 14. Kh1 d6 0-1

[Event "Sao Paulo Carnaval op"]
[Site "Sao Paulo"]
[Date "2018.02.13"]
[Round "7"]
[White "Davanso, Joao Pedro"]
[Black "Cordeiro da Silva, Felipe"]
[Result "1/2-1/2"]
[WhiteElo "1562"]
[BlackElo "1784"]
[PlyCount "100"]
[EventDate "2018.02.10"]
[EventType "swiss"]
[EventRounds "7"]
[EventCountry "BRA"]
[SourceTitle "CBM 183 Extra"]
[Source "ChessBase"]
[SourceDate "2018.04.19"]
[SourceVersion "1"]
[SourceVersionDate "2018.04.19"]
[SourceQuality "1"]

1. e4 e6 2. d4 d5 3. exd5 exd5 4. c4 Nf6 5. Nc3 Be7 6. Nf3 0-0 7. Be2 dxc4 8. Bxc4 c6 9. h3 Nbd7 10. 0-0 Nb6 11. Bd3 Qc7 12. Bg5 Nfd5 13. Re1 Bf6 14. Bxf6 Nxf6 15. Qc2 Qf4 16. Ne2 Qd6 17. Ng3 Nbd5 18. Ne4 Qf4 19. Nxf6+ Nxf6 20. Re3 h6 21. Bc4 Bf5 22. Qb3 b5 23. Bd3 Nd5 24. Re5 Be6 25. Rae1 Kh8 26. Qd1 Nb6 27. b3 Rad8 28. Bb1 Bd5 29. Rf5 Bxf3 30. Qc2 Be4 31. Rxf4 Bxc2 32. Bxc2 Nd5 33. Rf3 Nb4 34. Bb1 Kg8 35. a3 Nd5 36. Rc1 Rd6 37. b4 a5 38. bxa5 Ra8 39. Ba2 Nf6 40. Rfc3 Rxa5 41. Rxc6 Rxd4 42. Rc8+ Kh7 43. Bb1+ g6 44. R8c7 Kg7 45. Ba2 Nd7 46. R1c3 b4 47. Rf3 Ne5 48. Rfxf7+ Nxf7 49. Rxf7+ Kh8 50. Rf8+ Kg7 1/2-1/2

[Event "BRA-ch Amateur U1600"]
[Site "Sao Paulo"]
[Date "2017.10.13"]
[Round "3"]
[White "Da Cunha, Gabriela Goes"]
[Black "Davanso, Joao Pedro"]
[Result "0-1"]
[WhiteElo "1264"]
[BlackElo "1552"]
[PlyCount "145"]
[EventDate "2017.10.12"]
[EventType "swiss"]
[EventRounds "7"]
[EventCountry "BRA"]
[SourceTitle "EXT 2022"]
[Source "ChessBase"]
[SourceDate "2021.10.06"]
[SourceVersion "1"]
[SourceVersionDate "2021.10.06"]
[SourceQuality "1"]

1. e4 c5 2. Nf3 Nc6 3. d4 cxd4 4. Nxd4 e6 5. Nc3 Nf6 6. Be3 Bb4 7. f3 a6 8. Nxc6 bxc6 9. Be2 d5 10. e5 Nd7 11. f4 0-0 12. 0-0 c5 13. Bd2 Bb7 14. Bf3 Qc7 15. Qe1 Rae8 16. a3 Bxc3 17. Bxc3 Nb8 18. Ba5 Qd7 19. Bb6 Rc8 20. Ba5 Nc6 21. Bd2 Nd4 22. Rc1 Bc6 23. Be2 Nxe2+ 24. Qxe2 Bb5 25. Qg4 Bxf1 26. Rxf1 Qa4 27. Be1 Qxc2 28. Bh4 Qg6 29. Qxg6 hxg6 30. Rc1 c4 31. Be7 Rfe8 32. Bd6 Rc6 33. b3 Rec8 34. bxc4 Rxc4 35. Rd1 Rc1 36. Rxc1 Rxc1+ 37. Kf2 Kh7 38. Kg3 Kh6 39. Kh4 f5 40. exf6 gxf6 41. g4 Rc4 42. Bf8+ Kh7 43. Kg3 f5 44. g5 Kg8 45. Be7 Kf7 46. Bf6 d4 47. Kf3 Ra4 48. Ke2 Rxa3 49. Bxd4 Ra2+ 50. Kf3 Rxh2 51. Bf6 Rd2 52. Ke3 Rd5 53. Ke2 Ke8 54. Ke1 Kd7 55. Ke2 Kc6 56. Ke1 Kb5 57. Ke2 Kc4 58. Ke1 Kb3 59. Ke2 a5 60. Ke1 a4 61. Ke2 a3 62. Ke1 Ka2 63. Ke2 Kb1 64. Ke1 a2 65. Kf2 a1Q 66. Bxa1 Kxa1 67. Ke1 Rd4 68. Ke2 Rxf4 69. Ke1 Rg4 70. Kf2 Rxg5 71. Kf3 e5 72. Ke3 f4+ 73. Ke4 0-1

[Event "Aldeia de Barueri op"]
[Site "Aldeia de Barueri"]
[Date "2017.08.06"]
[Round "5"]
[White "Dos Santos, Eduardo Zeraib Ant"]
[Black "Davanso, Joao Pedro"]
[Result "1-0"]
[WhiteElo "1800"]
[BlackElo "1557"]
[PlyCount "71"]
[EventDate "2017.08.04"]
[EventType "swiss"]
[EventRounds "6"]
[EventCountry "BRA"]
[SourceTitle "CBM 180 Extra"]
[Source "ChessBase"]
[SourceDate "2017.10.06"]
[SourceVersion "1"]
[SourceVersionDate "2017.10.06"]
[SourceQuality "1"]

1. d4 Nf6 2. c4 g6 3. Nc3 Bg7 4. e4 d6 5. Nf3 0-0 6. Be2 Nbd7 7. h3 e5 8. dxe5 dxe5 9. Be3 a5 10. Qd2 a4 11. a3 Ne8 12. c5 b6 13. c6 f5 14. Bg5 Bf6 15. cxd7 Bxd7 16. Bh6 Ng7 17. Nd5 fxe4 18. Nxf6+ Rxf6 19. Nxe5 Rd6 20. Bc4+ Ne6 21. Qc3 Qf6 22. Nxd7 Qxc3+ 23. bxc3 Rc6 24. Bd5 Rd6 25. Bxa8 Rxd7 26. Bxe4 g5 27. Bf5 Re7 28. Bxe6+ Rxe6+ 29. Kd2 Rxh6 30. Rhe1 Kf7 31. Kc2 c5 32. Rad1 Rf6 33. f3 h5 34. Rd7+ Kg6 35. Ree7 Kf5 36. g3 1-0

[Event "Aldeia de Barueri op"]
[Site "Aldeia de Barueri"]
[Date "2017.08.06"]
[Round "6"]
[White "Hayashi, Kouki"]
[Black "Davanso, Joao Pedro"]
[Result "0-1"]
[WhiteElo "1296"]
[BlackElo "1557"]
[PlyCount "109"]
[EventDate "2017.08.04"]
[EventType "swiss"]
[EventRounds "6"]
[EventCountry "BRA"]
[SourceTitle "CBM 180 Extra"]
[Source "ChessBase"]
[SourceDate "2017.10.06"]
[SourceVersion "1"]
[SourceVersionDate "2017.10.06"]
[SourceQuality "1"]

1. d4 Nf6 2. c4 g6 3. Nc3 Bg7 4. Bg5 0-0 5. Nf3 d6 6. e3 Nbd7 7. Be2 e5 8. 0-0 h6 9. Bh4 g5 10. Bg3 Nh5 11. Qd3 f5 12. dxe5 dxe5 13. Qd5+ Kh8 14. Bxe5 g4 15. Bxg7+ Nxg7 16. Ne5 Nxe5 17. Qxe5 Be6 18. Rfd1 Qg5 19. Qxc7 Rf7 20. Qe5 Re8 21. Qd4 a6 22. c5 Bd7 23. b4 Ref8 24. f4 gxf3 25. Bxf3 Bc6 26. Bxc6 bxc6 27. Qf4 Qf6 28. Rac1 Ne6 29. Qf3 Ng5 30. Qf4 Ne6 31. Qg3 Rg7 32. Qd6 Rfg8 33. Rd2 Rd8 34. Qxe6 Qxe6 35. Rxd8+ Rg8 36. Rxg8+ Kxg8 37. Re1 Qc4 38. Rc1 Qxb4 39. Ne2 Qb2 40. Kf2 Qxa2 41. Rd1 Qa5 42. Rc1 Qd2 43. Ra1 a5 44. Ra4 Kf7 45. Rh4 Kg6 46. Ra4 Kg5 47. g3 h5 48. Ra3 Qb4 49. Rc3 a4 50. Rc2 a3 51. Nc1 Qb1 52. Rc4 a2 53. Rd4 a1Q 54. Rd6 Qxc1 55. Kg2 0-1

[Event "BRA-ch U12"]
[Site "Brasilia"]
[Date "2017.04.22"]
[Round "5.2"]
[White "Davanso, Joao Pedro"]
[Black "Buganca, Luiz Henrique Da Si"]
[Result "0-1"]
[WhiteElo "1861"]
[BlackElo "1545"]
[PlyCount "74"]
[EventDate "2017.04.21"]
[EventType "swiss"]
[EventRounds "6"]
[EventCountry "BRA"]
[SourceTitle "EXT 2022"]
[Source "ChessBase"]
[SourceDate "2021.10.06"]
[SourceVersion "1"]
[SourceVersionDate "2021.10.06"]
[SourceQuality "1"]

1. e4 c5 2. Nf3 d6 3. d4 cxd4 4. Nxd4 Nf6 5. Nc3 a6 6. Bg5 e6 7. Bd3 Be7 8. 0-0 Nbd7 9. Re1 0-0 10. Qf3 Ne5 11. Qe3 h6 12. Bxh6 Nfg4 13. Qd2 Nxh6 14. Re3 Neg4 15. Rf3 Bg5 16. Qe2 Ne5 17. Rg3 Bh4 18. Re3 Neg4 19. Rf3 Ne5 20. Re3 Nhg4 21. Rh3 Bxf2+ 22. Kh1 Bxd4 23. Rf1 Nh6 24. Qh5 Neg4 25. Nd1 g6 26. Qh4 Qxh4 27. Rxh4 Kg7 28. h3 Ne3 29. Nxe3 Bxe3 30. Rf3 Bg5 31. Rxh6 Bxh6 32. g4 Rh8 33. h4 e5 34. Kg2 Bxg4 35. Rg3 Bh5 36. Kh3 Bf4 37. Rg1 Rh7 0-1